| 000 | 00625nam a2200205 a 4500 | ||
|---|---|---|---|
| 001 | 000014825 | ||
| 005 | 20260415175706.0 | ||
| 008 | 100122s1973 ck e 000 | spa d | ||
| 040 |
_aDO-SdBNP _bspa |
||
| 082 |
_a398.961 _bR173m |
||
| 100 | 1 |
_aRamírez Gómez, Luis Alfonso _933581 |
|
| 245 | 1 | 0 |
_aMáximas regulares / _cLuis Alfonso Ramírez Gómez (Proteo). |
| 260 |
_aMedellín : _bBedout, _c1973. |
||
| 300 |
_a143 p. : _bil. ; _c18 cm. |
||
| 490 | 0 |
_aBolsilibros Bedout _v34 |
|
| 650 | 1 | 0 |
_aProverbios y refranes _933582 |
| 650 | 4 |
_aMaximas _914993 |
|
| 650 | 0 |
_xAforismos y apotegmas _983268 |
|
| 700 | 0 |
_aProteo _933583 |
|
| 999 |
_c14406 _d14406 |
||